000 00781cam a2200241 a 4500
001 1123265
005 20180306075455.0
008 940203s1994 nyua b 001 0 eng
010 _a 94005925
020 _a156584100X :
_c$24.95
040 _aDLC
_cDLC
_dDLC
041 _aeng
043 _an-us---
080 _a973 LOE
082 0 0 _a973 LOE
_220
100 1 _a25
101 _aEDU
245 1 0 _aLies my teacher told me :
_cJames W. Loewen.
504 _aIncludes bibliographical references (p. 313-364) and index.
906 _a7
_bcbc
_corignew
_d1
_eocip
_f19
_gy-gencatlg
942 _2ddc
_cBK
999 _c44192
_d44192